000
00200 a2200097 4500
020
_a
9780516255323
041
_a
spa
100
_a
Love, Pamela
245
_a
Dos pies suben,dos pies bajan
942
_c
BK
999
_c
10613
_d
10613